|
|
|
|
| LEADER |
00000nam0a2200000 4500 |
| 001 |
284638 |
| 005 |
20231101235720.0 |
| 020 |
|
|
|a RU
|b 85-14446ж
|
| 035 |
|
|
|a (RuTPU)RU\TPU\book\308817
|
| 090 |
|
|
|a 284638
|
| 100 |
|
|
|a 20150217d1984 k y0rusy5003 ca
|
| 101 |
0 |
|
|a rus
|
| 102 |
|
|
|a RU
|
| 105 |
|
|
|a a z 001zy
|
| 200 |
1 |
|
|a Комплексная механизация подземной добычи угля
|f Академия наук СССР (АН СССР), Институт горного дела им. А. А. Скочинского (ИГД)
|
| 210 |
|
|
|a Москва
|c Изд-во ИГД
|d 1984
|
| 215 |
|
|
|a 108 с.
|c ил.
|
| 225 |
1 |
|
|a Научные сообщения ИГД им. А. А. Скочинского
|v Вып. 233
|
| 606 |
|
|
|a Угледобыча
|x Автоматизация и механизация комплексная
|2 stltpush
|3 (RuTPU)RU\TPU\subj\62324
|9 79404
|
| 610 |
1 |
|
|a уголь
|
| 610 |
1 |
|
|a подземная добыча
|
| 610 |
1 |
|
|a механизация
|
| 610 |
1 |
|
|a очистные комбайны
|
| 610 |
1 |
|
|a совершенствование
|
| 610 |
1 |
|
|a струговые установки
|
| 610 |
1 |
|
|a механизированные крепи
|
| 610 |
1 |
|
|a производительность
|
| 675 |
|
|
|a 622.232.8
|z rus
|v 3
|
| 712 |
0 |
2 |
|a Академия наук СССР (АН СССР)
|b Институт горного дела им. А. А. Скочинского (ИГД)
|c (Люберцы)
|2 stltpush
|3 (RuTPU)RU\TPU\col\11351
|
| 801 |
|
0 |
|a RU
|b RuMRKP
|c 19950704
|g psbo
|
| 801 |
|
1 |
|a RU
|b 63413507
|c 20150217
|
| 801 |
|
2 |
|a RU
|b 63413507
|c 20171025
|g RCR
|
| 942 |
|
|
|c BK
|